| 000 | 00747nam a2200217Ii 4500 | ||
|---|---|---|---|
| 003 | JO-AjNU | ||
| 008 | 230605s9999||||xx |||||||||||||| ||und|| | ||
| 017 | _a1998/2/187 | ||
| 040 |
_aJO-AjNU _bara _erda _cJO-AjNU |
||
| 041 | _aara | ||
| 050 | 1 | 4 | _aHJ191.A7 Q29 1998 |
| 100 | 3 |
_aتأليف القيسي، اعاد حمود, _eauthor _947012 |
|
| 245 | 0 | 0 | _aالمالية العامة والتشريع الضريبي |
| 250 | _aط2 | ||
| 264 | 3 | 1 | _aعمان: مكتبة الثقافة ، 1998 |
| 300 |
_a215ص _bيحتوي على ملاحق من ص 205-215ص |
||
| 336 |
_atext _btxt _2rdacontent |
||
| 337 |
_aunmediated _bn _2rdamedia |
||
| 338 |
_avolume _bnc _2rdacarrier |
||
| 650 | 4 |
_aالضرائب - قوانين - الاردن _947013 |
|
| 999 |
_aA20493 _c24061 _d24061 |
||